Getting started with stata for windows : (Record no. 13022)
[ view plain ]
| 000 -LEADER | |
|---|---|
| fixed length control field | 01414cam a22003495a 4500 |
| 001 - CONTROL NUMBER | |
| control field | 15692058 |
| 005 - DATE AND TIME OF LATEST TRANSACTION | |
| control field | 20150824133004.0 |
| 008 - FIXED-LENGTH DATA ELEMENTS--GENERAL INFORMATION | |
| fixed length control field | 090408s2007 txua fr 001 0 eng d |
| 010 ## - LIBRARY OF CONGRESS CONTROL NUMBER | |
| LC control number | 2009277967 |
| 020 ## - INTERNATIONAL STANDARD BOOK NUMBER | |
| International Standard Book Number | 1597180203 |
| 020 ## - INTERNATIONAL STANDARD BOOK NUMBER | |
| International Standard Book Number | 9781597180207 |
| 035 ## - SYSTEM CONTROL NUMBER | |
| System control number | (OCoLC)ocn156576143 |
| 040 ## - CATALOGING SOURCE | |
| Original cataloging agency | MYG |
| Transcribing agency | MYG |
| Modifying agency | DRB |
| -- | AU@ |
| -- | DLC |
| -- | EG-ScBuE |
| 042 ## - AUTHENTICATION CODE | |
| Authentication code | lccopycat |
| 082 04 - DEWEY DECIMAL CLASSIFICATION NUMBER | |
| Classification number | 005.36 |
| Edition number | 22 |
| Item number | GET |
| 245 00 - TITLE STATEMENT | |
| Title | Getting started with stata for windows : |
| Remainder of title | release 10. |
| 246 10 - VARYING FORM OF TITLE | |
| Title proper/short title | Stata release 10 : |
| Remainder of title | getting started with Stata for Windows |
| 246 10 - VARYING FORM OF TITLE | |
| Title proper/short title | Stata 10 : |
| Remainder of title | getting started with Stata for Windows |
| 260 ## - PUBLICATION, DISTRIBUTION, ETC. (IMPRINT) | |
| Place of publication, distribution, etc | College Station : |
| Name of publisher, distributor, etc | StataCorp LP, |
| Date of publication, distribution, etc | c.2007. |
| 300 ## - PHYSICAL DESCRIPTION | |
| Extent | vi, 148 p. : |
| Other physical details | ill. ; |
| Dimensions | 24 cm. |
| 500 ## - GENERAL NOTE | |
| General note | Index : p. 143-148. |
| 590 ## - LOCAL NOTE (RLIN) | |
| Local note | yassmeen ashraf |
| 630 #0 - SUBJECT ADDED ENTRY--UNIFORM TITLE | |
| Uniform title | Stata |
| Form subdivision | Handbooks, manuals, etc. |
| 9 (RLIN) | 9824 |
| 650 #0 - SUBJECT ADDED ENTRY--TOPICAL TERM | |
| Topical term or geographic name as entry element | Statistics |
| General subdivision | Computer programs |
| Form subdivision | Handbooks, manuals, etc. |
| 9 (RLIN) | 9825 |
| Source of heading or term | BUEsh |
| 650 #0 - SUBJECT ADDED ENTRY--TOPICAL TERM | |
| Topical term or geographic name as entry element | Statistics |
| General subdivision | Graphic methods |
| -- | Computer programs |
| Form subdivision | Handbooks, manuals, etc. |
| 9 (RLIN) | 9826 |
| Source of heading or term | BUEsh |
| 650 #0 - SUBJECT ADDED ENTRY--TOPICAL TERM | |
| Topical term or geographic name as entry element | Social sciences |
| General subdivision | Statistical methods |
| -- | Computer programs |
| Form subdivision | Handbooks, manuals, etc. |
| 9 (RLIN) | 9827 |
| Source of heading or term | BUEsh |
| 650 #0 - SUBJECT ADDED ENTRY--TOPICAL TERM | |
| Topical term or geographic name as entry element | Social sciences |
| General subdivision | Statistics |
| -- | Graphic methods |
| -- | Computer programs |
| Form subdivision | Handbooks, manuals, etc. |
| 9 (RLIN) | 9828 |
| Source of heading or term | BUEsh |
| 651 ## - SUBJECT ADDED ENTRY--GEOGRAPHIC NAME | |
| Source of heading or term | BUEsh |
| 653 ## - INDEX TERM--UNCONTROLLED | |
| Resource For college | Informatics and Computer Science |
| Arrived date list | August2015 |
| 942 ## - ADDED ENTRY ELEMENTS (KOHA) | |
| Source of classification or shelving scheme | Dewey Decimal Classification |
| Item type | Book - Borrowing |
| Withdrawn status | Item status | Source of classification or shelving scheme | Materials specified (bound volume or other part) | Damaged status | Not for loan | Vendor | Home library | Current library | Shelving location | Date acquired | Source of acquisition | Total Checkouts | Full call number | Barcode | Date last seen | Koha item type | Public note |
|---|---|---|---|---|---|---|---|---|---|---|---|---|---|---|---|---|---|
| Lost | Dewey Decimal Classification | Lost In Inventory_2005-2015/8/22 | Central Library | Central Library | Lower Floor | 10/12/2009 | Donation | 005.36 GET | 000019275 | 10/12/2009 | Book - Borrowing | Donation | |||||
| Dewey Decimal Classification | Central Library | Central Library | Lower Floor | 10/12/2009 | Donation | 005.36 GET | 000019274 | 15/07/2025 | Book - Borrowing | Donation |